00530 2200205 4500001002100000005001500021035002000036007000300056008004100059020001800100082001000118084001600128100001300144245004300157260002900200300002800229650002400257990002200281990002100303INLIS00000000000040120220616081913 a0010-0622000061ta220616 0 ind  a9789791495226 a155.4 a155.4 MUR m0 aMuryanto1 aMenciptakan pribadi anak mudah bergaul aSemarang :bChyyas Putra a57 hlm :bilus ;c25 cm 4apendidikan karakter a246/SMPN 7 SBY/16 a246/SMPN7/SBY/16